Visualizzazione normale
Vista MARC
- Tiochet
di Personal Name
Records bibliografici associati: 1
001 - CONTROL NUMBER
- control field: 11628
003 - CONTROL NUMBER IDENTIFIER
- control field: IT-RoPau
005 - DATE AND TIME OF LATEST TRANSACTION
- control field: 20140131150442.0
008 - FIXED-LENGTH DATA ELEMENTS
- fixed length control field: 140131|| aca||aabn | a|a d
040 ## - CATALOGING SOURCE
- Original cataloging agency: IT-RoPau
- Transcribing agency: IT-RoPau
100 ## - HEADING--PERSONAL NAME
- Personal name: Tiochet
- Miscellaneous information: Codice autore testo/musica SPICS: 13388
- Relator term: Autore testo/musica
- Name of part/section of a work: Ciribiribin
670 ## - SOURCE DATA FOUND
- Source citation: Work cat.: (IT-RoPau)99861: AA.VV. 794, Antologia della canzone italiana sino al 1910